000 00687nam a22002177a 4500
003 UA-OsUOA
001 113241
007 ta
008 20150902b un ||||| |||| 00| 0 ukr d
100 _aАндрусів Л.
090 _a101
_bА66
942 _cSA
040 _aUA-OsUOA
_bukr
_cUA-OsUOA
_dUA-OsUOA
245 _aПроблема дослідження раціонального в українській філософській думці ІХ - початку ХVІІ ст.
300 _aС.4-9
955 _a0
041 _aukr
080 _a101
773 0 _w113240
_tМандрівець
_dТернопіль
_d2015
_g2
650 7 _a1 Філософські науки
_2UDC
999 _c399211
_d399211